[Event "Campalto CIS 54th Promoz Veneto G1"]
[Site "Campalto"]
[Date "2023.05.21"]
[Round "3.3"]
[White "Carboni, Giacomo"]
[Black "Lico, Vangjelia"]
[Result "1-0"]
[WhiteElo "1332"]
[BlackElo "999"]
[PlyCount "47"]
[EventDate "2023.05.20"]
[EventType "team-tourn"]
[EventRounds "3"]
[EventCountry "ITA"]
[SourceTitle "EXT 2024"]
[Source "ChessBase"]
[SourceDate "2023.10.10"]
[SourceVersion "1"]
[SourceVersionDate "2023.10.10"]
[SourceQuality "1"]
[WhiteTeam "Bellunese"]
[BlackTeam "Campalto Zichichi Archimede"]
[WhiteTeamCountry "ITA"]
[BlackTeamCountry "ITA"]

1. e4 e5 2. f4 d6 3. Nf3 Nc6 4. Bc4 h6 5. fxe5 dxe5 6. 0-0 Bc5+ 7. Kh1 Nf6 8. Nc3 Be6 9. Bxe6 fxe6 10. Qe1 0-0 11. d3 Bd4 12. Qg3 Kf7 13. Nb5 a6 14. Nbxd4 exd4 15. e5 Ne8 16. Nxd4+ Ke7 17. Nxc6+ bxc6 18. Rxf8 Kxf8 19. Qf3+ Kg8 20. Qxc6 Qc8 21. Be3 g5 22. Rf1 Ng7 23. g4 Kh8 24. Bc5 1-0